Movie Similarity Chain Game Quiz Stats

 Plays Quiz Updated Jun 2, 2016

Challenge
Share
Tweet
Embed
Score 0/21 Timer 10:00
2 Plays Today
Description 1 Movie % Correct
Leonardo DiCaprio loses his grasp of what's real and what isn'tInception
85%
An orphan protagonist raised by his extended family is guided by an old wizard to defeat a Dark Lord whose living spirit only persists in certain item(s)Harry Potter
79.4%
A more than a half billion dollar grossing alien invasion movieIndependence Day
78.1%
Set on a stormy island in the mid-twentieth century where a search party is looking for lost peopleShutter Island
76.8%
Will Smith fights off aliens on EarthMen in Black
76.4%
Mike Myers plays an out-of-place protagonistAustin Powers
76.3%
Movie directed by Nolan, starring Gordon-Levitt, Caine, Cotillard and HardyThe Dark Knight Rises
73.5%
Steven Spielberg directs a Tom Cruise starred movieWar of the Worlds
62.8%
Third installment of a comic franchise with the same actor as masked vigilanteSpider-Man 3
62.1%
Obese animated character finds himself chosen to complete a taskShrek
61.7%
Sean Bean diesLord of the Rings
60.2%
Description 1 Movie % Correct
Child would rather go to school than stay with unlikable family members (including a dim, overweight boy), discovers magical talentsMatilda
52.3%
A dystopian future movie released in 2002 dealing with new government ways to control the peopleMinority Report
52.3%
Comedy about alien(s) on Earth tracked by government forcesPaul
48.1%
A franchise made famous by Arnold Schwarzenegger continued in the late 2000s without him Terminator Salvation
44.8%
Seth Rogen voices an animated characterKung Fu Panda
44.3%
An English secret-agent is up against a villain seeking world destructionGoldenEye
39.3%
Wes Anderson directed all-star comedy with Bill Murray and Jason SchwartzmanMoonrise Kingdom
33%
Movie based on a Roald Dahl novelFantastic Mr. Fox
32%
A future set sci-fi movie led by Christian BaleEquilibrium
22.3%
Comedy actor Topher Grace played in this action moviePredators
21.6%

You're not logged in!

Compare scores with friends on all Sporcle quizzes.
OR
Log In

You Might Also Like...

Show Comments

Extras

Top Quizzes Today


Score Distribution

Your Account Isn't Verified!

In order to create a playlist on Sporcle, you need to verify the email address you used during registration. Go to your Sporcle Settings to finish the process.

Report this User

Report this user for behavior that violates our Community Guidelines.

Details: